Curso de fotografía básica (Registro nro. 31157)
[ vista simple ]
| 000 -LEADER | |
|---|---|
| fixed length control field | 03346nam a22002537a 4500 |
| 003 - CONTROL NUMBER IDENTIFIER | |
| control field | OSt |
| 005 - DATE AND TIME OF LATEST TRANSACTION | |
| control field | 20260306091309.0 |
| 008 - FIXED-LENGTH DATA ELEMENTS--GENERAL INFORMATION | |
| fixed length control field | 260225b |||||||| |||| 00| 0 eng d |
| 020 ## - INTERNATIONAL STANDARD BOOK NUMBER | |
| International Standard Book Number | 8422611694 |
| 037 ## - SOURCE OF ACQUISITION | |
| Source of stock number/acquisition | Donación |
| 040 ## - CATALOGING SOURCE | |
| Original cataloging agency | CO-JMCR |
| Language of cataloging | CO-JMCR |
| Transcribing agency | spa |
| Modifying agency | CO-JMCR |
| Description conventions | rda |
| 041 ## - LANGUAGE CODE | |
| Language code of text/sound track or separate title | spa |
| 082 0# - DEWEY DECIMAL CLASSIFICATION NUMBER | |
| Classification number | 770.28 |
| Item number | H33f |
| 100 0# - MAIN ENTRY--PERSONAL NAME | |
| Personal name | Hedgecoe, John , |
| 9 (RLIN) | 44551 |
| 245 ## - TITLE STATEMENT | |
| Title | Curso de fotografía básica |
| Statement of responsibility, etc. | John Hedgecoe. |
| 260 ## - PUBLICATION, DISTRIBUTION, ETC. | |
| Place of publication, distribution, etc. | Barcelona : |
| Name of publisher, distributor, etc. | Grupo Editorial Ceac |
| Date of publication, distribution, etc. | 1994 |
| 300 ## - PHYSICAL DESCRIPTION | |
| Extent | 206 páginas : |
| Other physical details | ilustraciones, Fotografias. |
| Dimensions | 30 cm. |
| 490 ## - SERIES STATEMENT | |
| Series statement | Circulo de lectores |
| 500 ## - GENERAL NOTE | |
| General note | Incluye índice. |
| 520 ## - SUMMARY, ETC. | |
| Summary, etc. | Introduccíón -- Cómo se maneja la cámara : conocer la cámara -- una cá,mara sencilla -- la cámara profesional -- las películas en color -- las peliculas en blanco y negro -- la velocidad de obturación -- la longitud focal -- la abertura y profundidad del campo -- control de la profundidad del campo -- la exposición y los exposíetros -- determinación de la exposición correcta -- exposición en contraluces -- la sub y la sobreexposición -- la iluminación artificicial -- luz de flash -- a vueltas con la iluminación -- detención del movimiento con el flash -- Elaboración de la imagen --la posibilidad de elección -- la organización -- el centro de atención -- el punoto de toma -- representación de la profundiad -- manejo de la perspectiva -- pensar en blanco y negro -- pensar en color -- las posibilidades del tono -- con pocos colores -- estudio de la forma -- explotacion de la forma -- la presencia del ritmo -- el dominio del ritmo -- reproducción de la textura -- en busca de la textura -- repreesentación del volumen -- todods los elementos -- Cómo se revelan y positivan las fotografías -- instalación del laboratorio -- revelado de negativos -- evaluación de los negativos -- los contactos -- la ampliación -- los tapados -- intervemnciones en la copia -- efectos especiales -- acabado y archivo -- funcionamiento de la película en color -- el laboratorio para el color -- revelado de la pelicula en color -- positivado en color -- evalluación de positivos en color -- Practicas -- la luz natural -- aprovechamiento de los fondos -- a la búsqueda de un tema -- luces de colores -- naturaleza muerta : escenas casuales -- naturaleza muerta : grupos ordenados -- naturaleza muerta: la iluminación -- el desnudo 1 -- el desnudo -- la atmósfera del entorno -- ideañización del entorno -- las personas y su mundo 1 las personas y su mundo 2 -- retratos -- la pose en el retrato -- los niños -- grupos -- ensayo fotográfico -- arquitectura -- interiores amplios -- la naturaleza : paisajes -- la naturaleza : acercamiento -- la naturaleza : el cielo y el agua -- el humo y la niebla -- los viajes -- representacion del movimineto -- el momento de la acción -- reflejos -- la modificación del ambiente -- fantasía -- Situaciones especiales -- filtros para efectos especiales -- filtros para blanco y negro -- Prontuario técnico -- cámaras 1 -- cámaras 2 -- objetivos 1 -- objetivos 2 -- montaje de un estudio -- los accesorios -- fallos durante la toma -- fallos en el revelado y positivando -- datos de interés -- glosario -- índice alfabético . |
| 650 ## - SUBJECT ADDED ENTRY--TOPICAL TERM | |
| Topical term or geographic name entry element | Fotografía |
| General subdivision | Técnicas. |
| 9 (RLIN) | 44552 |
| 650 ## - SUBJECT ADDED ENTRY--TOPICAL TERM | |
| Topical term or geographic name entry element | Fotografía |
| General subdivision | Enseñanza. |
| 9 (RLIN) | 44553 |
| 942 ## - ADDED ENTRY ELEMENTS (KOHA) | |
| Source of classification or shelving scheme | Dewey Decimal Classification |
| Koha item type | Books |
| Withdrawn status | Lost status | Source of classification or shelving scheme | Damaged status | Not for loan | Collection code | Home library | Current library | Shelving location | Date acquired | Total Checkouts | Full call number | Barcode | Date last seen | Copy number | Price effective from | Koha item type |
|---|---|---|---|---|---|---|---|---|---|---|---|---|---|---|---|---|
| Dewey Decimal Classification | Non-fiction | Biblioteca Pública José María del Castillo y Rada | Biblioteca Pública José María del Castillo y Rada | Book Cart | 02/25/2026 | 770.28 H33f | 201812516 | 02/25/2026 | Ej.1 | 02/25/2026 | Books |